000 00366nam a2200121Ia 4500
008 220216s9999 xx 000 0 und d
100 _aRodrigo V.H.L.
245 0 _aDevelopment of rubber based farming system in Sri Lanka
260 _bBulletin of the Rubber Research Institute of Sri Lanka
_c2009
300 _a42-48
700 _aBalasooriya B.M.D.C.
942 _cJS
999 _c57040
_d57040